[Event "BCF-ch rapidplay 34th"]
[Site "Bingley"]
[Date "2023.04.15"]
[Round "4"]
[White "Hutchinson, Paul A"]
[Black "Sivanandan, Bodhana"]
[Result "0-1"]
[WhiteElo "2005"]
[BlackElo "1746"]
[PlyCount "88"]
[EventDate "2023.04.15"]
[EventType "swiss (rapid)"]
[EventRounds "11"]
[EventCountry "ENG"]
[SourceTitle "CBM 213 Extra"]
[Source "ChessBase"]
[SourceDate "2023.05.31"]
[SourceVersion "1"]
[SourceVersionDate "2023.05.31"]
[SourceQuality "1"]

1. d4 d5 2. Bf4 Nf6 3. e3 c5 4. Nf3 Nc6 5. Nbd2 Bf5 6. dxc5 e6 7. Nd4 Bxc5 8. Nxf5 exf5 9. c3 0-0 10. Nb3 Bd6 11. Bxd6 Qxd6 12. Qf3 Qe5 13. Bd3 Ne4 14. 0-0 Rad8 15. Rad1 g6 16. Qf4 Qxf4 17. exf4 Rfe8 18. Bc2 b6 19. Rfe1 Nf6 20. Rxe8+ Rxe8 21. Kf1 Kf8 22. f3 Ke7 23. Kf2 Kd6 24. g3 b5 25. Nd2 a6 26. a4 Re7 27. Ra1 Ra7 28. Bd3 b4 29. c4 d4 30. a5 Nd7 31. Bc2 Nc5 32. Ba4 Nxa5 33. Bc2 Nc6 34. Ba4 Nxa4 35. Rxa4 Kc5 36. Ra1 a5 37. Re1 a4 38. Rc1 b3 39. Ra1 Kb4 40. Rc1 a3 41. bxa3+ Rxa3 42. Ke2 b2 43. Rc2 d3+ 44. Kd1 Ra1+ 0-1

[Event "Cambridge op"]
[Site "Cambridge"]
[Date "2023.02.18"]
[Round "8"]
[White "Hutchinson, Paul A"]
[Black "Bryant, Harry"]
[Result "1-0"]
[WhiteElo "2070"]
[BlackElo "1686"]
[PlyCount "41"]
[EventDate "2023.02.15"]
[EventType "swiss"]
[EventRounds "9"]
[EventCountry "ENG"]
[SourceTitle "CBM 212 Extra"]
[Source "ChessBase"]
[SourceDate "2023.03.31"]
[SourceVersion "1"]
[SourceVersionDate "2023.03.31"]
[SourceQuality "1"]

1. d4 d5 2. Bf4 Nf6 3. e3 c5 4. Nf3 Nc6 5. Nbd2 Qb6 6. dxc5 Qxb2 7. Rb1 Qc3 8. Bb5 g6 9. 0-0 Bg7 10. Be5 Qa5 11. c4 e6 12. cxd5 exd5 13. e4 Be6 14. Bd6 dxe4 15. Ng5 h6 16. Nxe6 fxe6 17. Qb3 Nd5 18. Bxc6+ bxc6 19. Qb7 Rd8 20. Qxg7 Qc3 21. Qxg6+ 1-0

[Event "Hastings Masters op"]
[Site "Hastings"]
[Date "2022.12.30"]
[Round "3"]
[White "Chan, Sheng Liang Bernard"]
[Black "Hutchinson, Paul A"]
[Result "1/2-1/2"]
[WhiteElo "1986"]
[BlackElo "2135"]
[PlyCount "138"]
[EventDate "2022.12.28"]
[EventType "swiss"]
[EventRounds "10"]
[EventCountry "ENG"]
[SourceTitle "CBM 212 Extra"]
[Source "ChessBase"]
[SourceDate "2023.03.31"]
[SourceVersion "1"]
[SourceVersionDate "2023.03.31"]
[SourceQuality "1"]

1. d4 d5 2. c4 e6 3. Nf3 Nf6 4. Nc3 c6 5. e3 Nbd7 6. b3 Bb4 7. Bd2 0-0 8. Bd3 Qe7 9. 0-0 e5 10. dxe5 Nxe5 11. Nxe5 Qxe5 12. Nxd5 Nxd5 13. cxd5 Bd6 14. f4 Qxd5 15. Qc2 h6 16. Rae1 Rd8 17. Bc3 Qh5 18. Rf3 Kf8 19. Qb2 g5 20. Bg7+ Ke8 21. Bf6 Bg4 22. Rg3 Rd7 23. Qd4 Be6 24. Qe4 Be7 25. fxg5 Rad8 26. Be2 Qg6 27. Qxg6 fxg6 28. Bxe7 Rxe7 29. gxh6 Bf5 30. Bf3 Kf7 31. Kf2 Rde8 32. e4 Bxe4 33. Bxe4 Rxe4 34. Rf3+ Kg8 35. Rxe4 Rxe4 36. h7+ Kxh7 37. Rf7+ Kh6 38. Rxb7 a5 39. Ra7 Re5 40. Kf3 Kg5 41. Ra6 Rc5 42. Ke4 Kg4 43. Kd4 Rc2 44. Rxa5 Rxg2 45. a4 Rxh2 46. Rc5 Ra2 47. Rxc6 g5 48. Rg6 Kf4 49. Kc5 g4 50. Kb5 g3 51. b4 Re2 52. Rf6+ Kg4 53. Rg6+ Kf4 54. Ka6 Re4 55. Ka5 Re5+ 56. b5 Rg5 57. Rf6+ Ke3 58. Rf1 g2 59. Rg1 Kf2 60. Rxg2+ Rxg2 61. b6 Ke3 62. Ka6 Kd4 63. b7 Rb2 64. a5 Kc5 65. Ka7 Kc6 66. a6 Kc7 67. Ka8 Rb3 68. Ka7 Rb2 69. b8Q+ Rxb8 1/2-1/2

[Event "Wch Seniors 65 30th"]
[Site "Assisi"]
[Date "2022.11.19"]
[Round "5"]
[White "Bogdanov, Valentin"]
[Black "Hutchinson, Paul A"]
[Result "1-0"]
[WhiteElo "2323"]
[BlackElo "2148"]
[PlyCount "117"]
[EventDate "2022.11.15"]
[EventType "swiss"]
[EventRounds "11"]
[EventCountry "ITA"]
[SourceTitle "CBM 211 Extra"]
[Source "ChessBase"]
[SourceDate "2023.01.31"]
[SourceVersion "1"]
[SourceVersionDate "2023.01.31"]
[SourceQuality "1"]

1. e4 c6 2. Nc3 d5 3. Nf3 Bg4 4. h3 Bxf3 5. Qxf3 e6 6. d3 Nd7 7. Qg3 Ne7 8. Be2 d4 9. Nd1 Ng6 10. 0-0 e5 11. c3 c5 12. f4 exf4 13. Bxf4 Nxf4 14. Qxf4 Qe7 15. Nf2 Qe5 16. Qxe5+ Nxe5 17. Ng4 Nc6 18. Bd1 h5 19. Nh2 Be7 20. Ba4 Rc8 21. cxd4 cxd4 22. Rac1 Rh6 23. Nf3 a6 24. a3 Kd8 25. Rc2 Bd6 26. Bxc6 Rxc6 27. Rxc6 bxc6 28. Ng5 Kc7 29. Nxf7 Rg6 30. Nxd6 Rxd6 31. Rf7+ Kb6 32. Rxg7 c5 33. Rg5 h4 34. Kf2 Rc6 35. Ke2 a5 36. e5 Kb5 37. b3 a4 38. bxa4+ Kxa4 39. Kf3 Kb3 40. Ke4 c4 41. dxc4 Kc3 42. Rg8 d3 43. Rd8 d2 44. Ke3 Re6 45. Rd3+ Kxc4 46. Rxd2 Rxe5+ 47. Kf4 Re8 48. Kg5 Re4 49. Rf2 Kb3 50. Rf4 Re2 51. Rg4 Kxa3 52. Kxh4 Re5 53. Rf4 Kb3 54. g4 Kc3 55. g5 Re8 56. g6 Rg8 57. Kg5 Kd3 58. h4 Ke3 59. h5 1-0

[Event "Wch Seniors 65 30th"]
[Site "Assisi"]
[Date "2022.11.15"]
[Round "1"]
[White "Marshall, Michael"]
[Black "Hutchinson, Paul A"]
[Result "0-1"]
[WhiteElo "1829"]
[BlackElo "2148"]
[PlyCount "114"]
[EventDate "2022.11.15"]
[EventType "swiss"]
[EventRounds "11"]
[EventCountry "ITA"]
[SourceTitle "CBM 211 Extra"]
[Source "ChessBase"]
[SourceDate "2023.01.31"]
[SourceVersion "1"]
[SourceVersionDate "2023.01.31"]
[SourceQuality "1"]

1. d4 d5 2. Bf4 Nf6 3. e3 e6 4. Nd2 Bd6 5. Bg3 0-0 6. Bd3 c5 7. c3 Nc6 8. Ngf3 h6 9. Qe2 a6 10. Rd1 Re8 11. Ne5 Ne7 12. h4 Rf8 13. Bf4 c4 14. Bc2 Ne8 15. g4 f6 16. Nef3 Qc7 17. Bxd6 Nxd6 18. g5 Bd7 19. gxh6 gxh6 20. e4 Nf7 21. Qe3 Kh8 22. Rg1 Rg8 23. Ke2 Ng6 24. e5 f5 25. Nf1 Qd8 26. h5 Nh4 27. Rxg8+ Kxg8 28. Qf4 Nxf3 29. Qxf3 Qh4 30. Qg3+ Qxg3 31. fxg3 Ng5 32. Ne3 Rf8 33. Ng2 b5 34. a3 a5 35. Nf4 Rb8 36. Rh1 Be8 37. Ke3 Bf7 38. Rg1 b4 39. axb4 axb4 40. Rb1 Ne4 41. Bxe4 fxe4 42. Kd2 bxc3+ 43. Kxc3 Rb3+ 44. Kc2 Rxg3 45. Rf1 Rg5 46. Rh1 Kf8 47. Rh4 Rg3 48. Kc1 Ke7 49. Kd2 Kd7 50. Kc2 Bg8 51. Rh3 Rg5 52. Kd2 Bh7 53. Ra3 Bf5 54. Ra7+ Kc8 55. Ke3 Rg3+ 56. Kd2 e3+ 57. Kc1 Rg1# 0-1

[Event "Calvia Amateur op 19th"]
[Site "Calvia"]
[Date "2022.10.16"]
[Round "9"]
[White "Hutchinson, Paul A"]
[Black "Becerra, Juan David"]
[Result "1/2-1/2"]
[WhiteElo "2097"]
[BlackElo "2296"]
[PlyCount "125"]
[EventDate "2022.10.08"]
[EventType "swiss"]
[EventRounds "9"]
[EventCountry "ESP"]
[SourceTitle "CBM 210 Extra"]
[Source "ChessBase"]
[SourceDate "2022.11.30"]
[SourceVersion "1"]
[SourceVersionDate "2022.11.30"]
[SourceQuality "1"]

1. d4 d5 2. Bf4 Nf6 3. e3 c5 4. Nf3 Nc6 5. Nbd2 Bg4 6. c3 e6 7. Qa4 Nd7 8. Bb5 Qc8 9. Ne5 Ncxe5 10. Bxe5 a6 11. Bxd7+ Qxd7 12. Qxd7+ Kxd7 13. f3 Bh5 14. dxc5 f6 15. Bd6 Bxd6 16. cxd6 Kxd6 17. e4 dxe4 18. Nxe4+ Kc6 19. 0-0-0 Rad8 20. Rxd8 Rxd8 21. Rd1 Rxd1+ 22. Kxd1 Bg6 23. Nd2 Bd3 24. f4 h6 25. g3 g5 26. Ke1 gxf4 27. gxf4 Kd6 28. Kf2 Ke7 29. Ke3 Bb5 30. c4 Bc6 31. Kd4 Kf7 32. Nf1 Bf3 33. b4 Ke7 34. c5 Kd7 35. Nd2 Bd5 36. a3 Bg2 37. Nb1 Ke7 38. Nc3 Kf7 39. a4 Kg6 40. b5 axb5 41. axb5 Kf5 42. Ke3 h5 43. Na4 Kg4 44. Nc3 f5 45. Ne2 Kh3 46. Nd4 Bd5 47. b6 Kxh2 48. c6 Bxc6 49. Nxc6 Kg3 50. Ne5 h4 51. Nd3 h3 52. Nf2 Kg2 53. Nxh3 Kxh3 54. Kd4 Kg4 55. Ke5 Kf3 56. Kd6 Kxf4 57. Kc7 Ke4 58. Kxb7 f4 59. Kc7 f3 60. b7 f2 61. b8Q f1Q 62. Qb4+ Ke3 63. Qb3+ 1/2-1/2